000 00593nam a2200217 4500
003 OSt
005 20260530115300.0
008 260421b1971 sp a|||| |||| 00| 0 spa d
040 _aICI
_bspa
_cICI
050 4 _aP123
_bB37
100 1 _aBarthes, Roland,
_931059
245 1 0 _aElementos de semiologia /
_cTr. Alberto Méndez.
264 1 _bAlberto Corazón Editor
_c1978
300 _a102 páginas
_c20.3 cm.
336 _atexto
_2rdacontent
337 _asin medio
_2rdamedia
338 _avolumen
_2rdacarrier
490 0 _aComunicacion
_pSerie B
650 4 _aSemiótica
942 _2lcc
_cBK
999 _c12787
_d12787